000 00471nam a2200181 a 4500
001 1771665851533
003 YourLibrary
005 20260221145719.0
008 260221s2017##################000#0#eng##
020 _a9781138551305
082 0 4 _a338.06
_bMIK.11
100 1 _aMikesell, Raymond F.,
_eauthor.
245 1 0 _aThe World Mining Industry :
260 _bRoutledge,
_c2017.
300 _a208 pages
942 _cENGLISH
040 _aYourLibrary
_beng
_cYourLibrary
999 _c615212
_d615212